[Event "Minatitlan Dominguez Memorial"]
[Site "Minatitlan"]
[Date "2022.06.25"]
[Round "5"]
[White "Toledo Jimenez, Gerson Jair"]
[Black "Goto Compan, Justin Ernesto Naok"]
[Result "1-0"]
[WhiteElo "1000"]
[BlackElo "1361"]
[PlyCount "103"]
[EventDate "2022.05.28"]
[EventType "swiss"]
[EventRounds "7"]
[EventCountry "MEX"]
[SourceTitle "EXT 2023"]
[Source "ChessBase"]
[SourceDate "2022.10.05"]
[SourceVersion "1"]
[SourceVersionDate "2022.10.05"]
[SourceQuality "1"]

1. d4 Nf6 2. Nf3 g6 3. c4 Bg7 4. Nc3 0-0 5. e4 d6 6. Bg5 Nbd7 7. Qc2 c5 8. d5 Ng4 9. h3 Nge5 10. Be2 h6 11. Bf4 a6 12. h4 h5 13. Nh2 Nf6 14. Bxe5 dxe5 15. f3 e6 16. g4 exd5 17. cxd5 Nxg4 18. Nxg4 hxg4 19. fxg4 Qf6 20. 0-0-0 b5 21. g5 Qd8 22. Kb1 Bd7 23. Rdg1 b4 24. Nd1 Bb5 25. h5 b3 26. axb3 Qb6 27. Bxb5 axb5 28. Nc3 Qa5 29. Kc1 Rfc8 30. h6 Bh8 31. Kd2 c4 32. Ra1 Qb6 33. Ke2 Rxa1 34. Rxa1 b4 35. Na4 Qb5 36. Kf3 f5 37. Qe2 fxe4+ 38. Qxe4 Rf8+ 39. Ke3 Qa6 40. Qxc4 Qa7+ 41. Qc5 Qf7 42. Kd3 Qf3+ 43. Qe3 Qxd5+ 44. Ke2 Qb5+ 45. Kd2 Qd5+ 46. Kc2 Rf3 47. h7+ Kf7 48. Qa7+ Ke6 49. Nc5+ Kf5 50. Qd7+ Qxd7 51. Nxd7 e4 52. Ra8 1-0